Szeged. - 1924. október 24., Péntek
Elmentve itt :
| Dokumentumtípus: | Újság |
|---|---|
| Megjelent: |
1924-10-24
|
| Sorozat: | Szeged
5 No. 245 |
| Online Access: | http://dmarchiv.bibl.u-szeged.hu/4576 |
| LEADER | 00465nas a2200145 i 4500 | ||
|---|---|---|---|
| 001 | delm4576 | ||
| 005 | 20200414151311.0 | ||
| 008 | 171213s1924 hu n o 0|| hun d | ||
| 022 | |a 0133-025X | ||
| 040 | |a SZTE Délmagyarország Archívum |b hun | ||
| 041 | |a hun | ||
| 245 | 0 | 0 | |a Szeged. - 1924. október 24., Péntek |h [elektronikus dokumentum] |
| 260 | |c 1924-10-24 | ||
| 490 | 0 | |a Szeged |v 5 No. 245 | |
| 856 | 4 | 0 | |u http://dmarchiv.bibl.u-szeged.hu/4576/1/dm_1924_245.pdf |z Dokumentum-elérés |